Szczegóły MARC21

Masaż oraz wybrane zabiegi fizykalne odnowy biologicznej w sporcie i rekreacji /

003 -Nazwa inst., której nr kontr. jest w polu 001 [,]
    • @
    • Nazwa instytucji, której n kontrolny jest w polu 001
    • NUKAT
005 -DATA I CZAS OSTATNIEJ MODYFIKACJI [,]
    • @
    • pole kontrolne
    • 20241231101652.0
020 -Międzynarod. znormalizowany nr książki - ISBN [ , ]
    • a
    • Numer ISBN
    • 9788393310012 Find
040 -Instytucja sporządzająca opis [ , ]
    • a
    • Instytucja, która sporządziła opis (NP)
    • KR U/maj
    • c
    • Instytucja, która sporządziła rekord (NP)
    • KR U/maj
    • d
    • Instytucja, która zmodyfikowała rekord (P)
    • LUBL U/ABs
942 -Rodzaj dokumentu [ , ]
    • c
    • Rodzaj dokumentu
    • Książka
100 -Hasło główne - nazwa osobowa [1, ]
    • a
    • Nazwa osobowa (NP)
    • Posłuszny, Mariusz.
    • 9
    • KHW
    • 48855
245 -Strefa tytułu i oznaczenia odpowiedzialności [1,0]
    • a
    • Tytuł
    • Masaż oraz wybrane zabiegi fizykalne odnowy biologicznej w sporcie i rekreacji / Find
    • c
    • Pozostałe elementy strefy tytułu i oznaczenia odpowiedzialności (NP)
    • Mariusz Posłuszny, Mateusz Kubacki.
260 -Strefa adresu wydawniczego [ , ]
    • a
    • Miejsce wydania (P)
    • Poznań :
    • b
    • Nazwa wydawcy (P)
    • Wielkopolska Wyższa Szkoła Turystyki i Zarządzania,
    • c
    • Data wydania (P)
    • 2012.
300 -Strefa opisu fizycznego [ , ]
    • a
    • Określenie formy książki i/lub objętość (NP)
    • 57, [1] s. :
    • b
    • Oznaczenie ilustracji (NP)
    • il. ;
    • c
    • Format (NP)
    • 24 cm.
336 -Typ zawartości [ , ]
    • a
    • Termin opisujący typ zawartości
    • Tekst
    • b
    • Kod określający zawartość
    • txt
    • 2
    • Źródło (terminu i kodu)
    • rdacontent
337 -Typ mediów [ , ]
    • a
    • Tryb odtwarzania
    • Bez urządzenia pośredniczącego
    • b
    • Kod typu mediów
    • n
    • 2
    • Źródło (terminu i kodu)
    • rdamedia
338 -Typ/rodzaj nośnika [ , ]
    • a
    • Hasło opisujące typ nośnika
    • Wolumin
    • b
    • Kod typu nośnika
    • nc
    • 2
    • Źródło (terminu i kodu)
    • rdacarrier
504 -Uwaga dot. bibliogr. załącznikowej [ , ]
    • a
    • Uwaga dot. bibliografii załącznikowej
    • Bibliogr. s. 57, netogr. s. [58].
080 -Uniwersalna Klasyfikacja Dziesiętna [ , ]
    • 2
    • Identyfikator wydania tablic
    • UDC-P058
    • 9
    • UKD
    • 4640
    • a
    • Symbol klasyfikacji
    • 615.82
    • b
    • Dopowiedzenie
    • Masaż. Gimnastyka lecznicza. Kręgarstwo.
080 -Uniwersalna Klasyfikacja Dziesiętna [ , ]
    • 2
    • Identyfikator wydania tablic
    • UDC-P058
    • 9
    • UKD
    • 4641
    • a
    • Symbol klasyfikacji
    • 615.83
    • b
    • Dopowiedzenie
    • Fizykoterapia. Fototerapia. Światłoterapia. Leczenie ciepłem. Krioterapia. Aeroterapia. Aeorozoloterapia.
080 -Uniwersalna Klasyfikacja Dziesiętna [ , ]
    • 2
    • Identyfikator wydania tablic
    • UDC-P058
    • 9
    • UKD
    • 4642
    • a
    • Symbol klasyfikacji
    • 615.834
    • b
    • Dopowiedzenie
    • Klimatoterapia. Leczenie klimatyczne.
080 -Uniwersalna Klasyfikacja Dziesiętna [ , ]
    • 2
    • Identyfikator wydania tablic
    • UDC-P058
    • 9
    • UKD
    • 4643
    • a
    • Symbol klasyfikacji
    • 615.837
    • b
    • Dopowiedzenie
    • Terapia dźwiękiem.
080 -Uniwersalna Klasyfikacja Dziesiętna [ , ]
    • 2
    • Identyfikator wydania tablic
    • UDC-P058
    • 9
    • UKD
    • 4645
    • a
    • Symbol klasyfikacji
    • 615.838
    • b
    • Dopowiedzenie
    • Hydroterapia. Balneoterapia.
650 -Hasło przedmiotowe [ ,7]
    • a
    • Hasło przedmiotowe
    • Masaż.
    • 2
    • Źródło terminu
    • kaba
    • 9
    • KHW
    • 118474
980 -Symbol UKD [ , ]
    • a
    • UKD
    • 615.82/.837:615.838
700 -Hasło dodatkowe - nazwa osobowa [1, ]
    • a
    • Nazwa osobowa (NP)
    • Kubacki, Mateusz. Find
    • 9
    • KHW
    • 48854
920 -ISBN [ , ]
    • a
    • ISBN
    • 978-83-933100-1-2 Find
Lokalizacja Data inwentaryzacji Status udost. Numer inwentarzowy Sygnatura
BM2012-11-071WF.9159Fizjoterapia - masaż 15